Portraits on Banknotes (GBP) Quiz Stats

 Plays Quiz not verified by Sporcle

Challenge
Share
Tweet
Embed
Score 0/14 Timer 10:00
0 Plays Today
Banknote Portrait Subject % Correct
£10 (2000-present)Charles Darwin
90.4%
£5 (2002-present)Elizabeth Fry
78.8%
£20 (2007-present)Adam Smith
73.1%
£1 (1978-1988)Isaac Newton
69.2%
£10 (1975-1994)Florence Nightingale
63.5%
£10 (1992-2003)Charles Dickens
63.3%
£20 (1970-1993)William Shakespeare
61.5%
Banknote Portrait Subject % Correct
£20 (1999-2010)Edward Elgar
59.6%
£50 (2011-present)Matthew Boulton
48.1%
£5 (1971-1991)Duke of Wellington
44.2%
£20 (1991-2001)Michael Faraday
44.2%
£5 (1990-2003)George Stephenson
42.3%
£50 (1981-1996)Christopher Wren
34.6%
£50 (1994-present)John Houblon
32.7%

You're not logged in!

Compare scores with friends on all Sporcle quizzes.
OR
Log In

You Might Also Like...

Show Comments

Extras

Created Feb 28, 2012ReportNominate
Tags:Historical Figures, money

Top Quizzes Today


Score Distribution

Your Account Isn't Verified!

In order to create a playlist on Sporcle, you need to verify the email address you used during registration. Go to your Sporcle Settings to finish the process.

Report this User

Report this user for behavior that violates our Community Guidelines.

Details: